Biblioteca

Ese español que renovó la nueva Ortografía (Registro nro. 63593)

Detalles MARC
000 -LÍDER
Campo fijo de descripción fija 005570000a22001210004500
100 1# - ASIENTO PRINCIPAL--NOMBRE PERSONAL
Nombre personal Luján Sáenz Juan Carlos
245 10 - TÍTULO
Título del Material Ese español que renovó la nueva Ortografía
300 ## - DESCRIPCIÓN FÍSICA
Extensión Vol.0, núm.102 (2011), Páginas 15 - 19
650 14 - ASIENTO SECUNDARIO DE MATERIA - TERMINO TEMÁTICO
Término temático o nombre geográfico como elemento de entrada ORTOGRAFÍA
773 0# - HOST ITEM ENTRY
Title El eafitense
942 ## - TIPO DE MATERIAL (KOHA)
Tipo de Item KOHA Artículos de Revista
Existencias
Estado de Material Estado de Perdido Estado de Dañado No para Préstamo Colección Biblioteca de Origen Biblioteca Permanente Fecha de Adquisición Total de Préstamos Signatura Topográfica Última vez visto Fecha de Remplazo Tipo de Material
        Colección de Hemeroteca Biblioteca FUSBC Biblioteca FUSBC 26/01/2016   26/01/2016 26/01/2016 Artículos de Revista

Biblioteca FUSBC | Teléfono: (57+4) 349 88 10 Ext. 141| WhatsApp (+57) 3005338115 
E-mail: biblioteca@unisbc.edu.co | Calle 76 87-14 Robledo Palenque, Medellín, Colombia

Con tecnología Koha